000 00647npc a2200205Ia 4500
001 dg8-159 [d000000047]
003 IT-MiCISF
008 161014s9999||||xx | und||
040 _aIT-MiCISF
_cIT-MiCISF
041 _ait
100 _aChirico Amalia (a cura di)
245 0 _aTossicodipendenza e disagio giovanile fra soggettivitĂ  e istituzioni
250 _a1a ed.
260 _a Grugliasco-Collegno
_bUssl 24
_c1989
300 _ap. 149
500 _a / educazione, tossicodipendenza, disadattamento, adolescenza, giovani, politica-giovanile /
650 _aemarginazione-devianza
942 _cDD
957 _71
999 _a159
_bsi
_g1
_c207153
_d207153